Súčasný stav spolupráce verejného a súkromného sektora v cestovnom ruchu v Slovenskej republike

Analýza stavu spolupráce verejného a súkromného sektora v cestovnom ruchu na príklade Nitrianskeho samosprávneho kraja. Výskum pomocou dotazníka, ktorého cieľom bolo zistiť názory zamestnancov miestnych samosprávnych orgánov na úseku cestovného ruchu na súčasný stav spolupráce súkromného a verejného...

Full description

Saved in:
Bibliographic Details
Main Author: Pálfi, Andrea
Format: Book Chapter
Language:Slovak
Subjects:
Tags: Add Tag
No Tags, Be the first to tag this record!

MARC

LEADER 00000naa$a2200000$$$4500
001 0114752
005 20231016073953.1
041 0 |a slo 
044 |a SK 
245 1 0 |a Súčasný stav spolupráce verejného a súkromného sektora v cestovnom ruchu v Slovenskej republike  |c Zuzana Palenčíková 
520 |a Analýza stavu spolupráce verejného a súkromného sektora v cestovnom ruchu na príklade Nitrianskeho samosprávneho kraja. Výskum pomocou dotazníka, ktorého cieľom bolo zistiť názory zamestnancov miestnych samosprávnych orgánov na úseku cestovného ruchu na súčasný stav spolupráce súkromného a verejného sektora v ich obci. Výsledky výskumu. 
610 2 0 |a ruch cestovný 
610 2 0 |a sektor verejný 
610 2 0 |a sektor súkromný 
610 2 0 |a kooperácia 
610 2 0 |a propagácia 
610 2 0 |a infraštruktúra 
610 2 0 |a dotácie štátne 
610 2 0 |a financovanie 
610 2 0 |a projekty 
610 2 0 |a partnerstvo verejno-súkromné 
100 1 |a Pálfi, Andrea